[Event "Chigorin Mem. Russian Cup 2017"]
[Site "St. Petersburg"]
[Date "2017.10.26"]
[Round "6"]
[White "Alekseenko, Kirill"]
[Black "Yakubboev, Nodirbek"]
[Result "1/2-1/2"]
[WhiteElo "2563"]
[BlackElo "2437"]
[Annotator "TA"]
[PlyCount "87"]
[EventDate "2017.??.??"]
[EventType "swiss"]
[EventCountry "RUS"]
[SourceTitle "playchess.com"]
[Source "ChessBase"]
[SourceQuality "1"]

{[%evp 14,87,44,51,57,58,39,21,30,16,19,-12,36,36,37,35,47,35,67,57,64,68,79,70,56,58,54,50,46,44,50,46,47,34,39,40,62,38,79,56,53,56,58,38,32,12,16,12,26,22,23,33,47,29,316,-5,0,0,0,0,0,2,8,5,189,0,0,-40,-83,-90,0,0,0,-342,0,-152]} 1. e4 e5 2. Nf3 Nc6 3. Bb5 a6 4. Ba4 d6 5. O-O Bd7 6. Re1 g6 {C72: Ruy Lopez: Deferred Steinitz: 5 0-0} 7. d4 (7. Bxc6 Bxc6 8. d4 Bg7 9. Nc3 Ne7 10. Be3 O-O 11. Qe2 b6 12. Rad1 Qc8 13. dxe5 dxe5 14. Qc4 {0-1 (65) McShane,L (2652)-Short,N (2679) London 2016}) 7... Bg7 8. d5 {LiveBook: 3 Games} Nce7 {White is slightly better.} 9. Bxd7+ Qxd7 10. Be3 $146 ({Predecessor:} 10. c4 h6 11. Nc3 f5 12. c5 Nf6 13. exf5 Nxf5 14. cxd6 cxd6 15. Rxe5+ dxe5 16. Nxe5 {1-0 (70) Todorovic,J (2275)-Runic,Z Zlatibor 1989}) 10... Nf6 11. Nfd2 Ng4 12. Bg5 h6 (12... f6 $5 {[%cal Rf6g5]} 13. Bh4 g5 $11) 13. Bxe7 $1 Kxe7 14. c4 {[%cal Bc2c4,Bc4c5][%mdl 32]} h5 15. Nc3 h4 16. c5 Nf6 {[%cal Bg4f6,Bf6h5,Bh5f4][%mdl 32]} 17. Nc4 Rab8 18. f4 Nh5 19. fxe5 Bxe5 20. Nxe5 dxe5 21. Rf1 Kf8 22. Qd2 Nf4 23. Ne2 g5 24. Rac1 Kg7 25. Nxf4 gxf4 26. Qc3 f6 27. Qf3 Kg6 28. Rf2 Rh5 29. c6 bxc6 30. Rxc6 Rg5 31. Kf1 (31. Rxa6 $6 h3 $16) 31... Rb4 32. Rd2 a5 33. a3 $36 {[%mdl 2048] White has some pressure.} Ra4 $2 {[%mdl 8192]} (33... Rb6 $11 34. Rxb6 cxb6) 34. d6 $2 (34. Qd1 $1 $18 {[%cal Rd1a4]} Rd4 35. Rxd4 exd4 36. Qxd4) 34... h3 (34... Qxc6 35. d7 $16) 35. Rxc7 Qb5+ 36. Kg1 $1 Qb6+ 37. Kh1 hxg2+ 38. Rxg2 Qxd6 $2 {[#]} (38... Qe3 $1 $11 {and Black stays safe.} 39. Rxg5+ fxg5 40. Qxe3 fxe3) 39. Rc1 $2 ({White has to play} 39. h4 $1 $18 {[%cal Rh4g5]} Qxc7 40. hxg5 Qc1+ 41. Rg1) 39... Rd4 $11 40. Rxg5+ fxg5 41. Qb3 Kg7 ({Of course not} 41... Rxe4 $6 {[#]} 42. h4 $1 $11 {[%mdl 512]}) (41... Qd8 $17) 42. Qb7+ $1 Qd7 43. Qb3 $2 {[%mdl 8192]} (43. Rc7 $1 $11 {and White is okay.} Rd1+ 44. Kg2 Rd2+ 45. Kg1 Rd1+ 46. Kg2 Rd2+ 47. Kg1 Rd1+ 48. Kg2) 43... Qd6 $2 ({But not} 43... Rxe4 44. Qc2 $19) (43... g4 $19 44. Rg1 g3) 44. Rg1 $2 {Precision: White = 49%, Black = 37%.} (44. Qb7+ $1 $11 Qd7 45. Rc7 Rd1+ 46. Kg2 Rd2+ 47. Kg1 Rd1+ 48. Kg2 Rd2+ 49. Kg1 Rd1+ 50. Kg2) 1/2-1/2

[Event "Chigorin Mem. Russian Cup 2017"]
[Site "St. Petersburg"]
[Date "2017.10.26"]
[Round "6"]
[White "Moiseenko, Vadim"]
[Black "Tsoi, Dmitry"]
[Result "1-0"]
[WhiteElo "2543"]
[BlackElo "2361"]
[Annotator "TA"]
[PlyCount "72"]
[EventDate "2017.??.??"]
[EventType "swiss"]
[EventCountry "RUS"]
[SourceTitle "playchess.com"]
[Source "ChessBase"]
[SourceQuality "1"]

{[%evp 18,72,66,62,64,60,104,61,77,61,72,65,89,80,100,71,125,63,69,71,210,202,292,184,194,153,228,177,195,206,243,243,243,243,243,243,285,288,268,264,256,247,312,312,290,268,268,268,387,385,373,364,344,338,6070,5806,4814]} 1. Nf3 Nf6 2. g3 d6 3. d4 Nbd7 4. Bg2 e5 5. c4 Be7 6. Nc3 O-O 7. O-O c6 8. Qc2 Qc7 9. b3 a6 10. Bb2 Rb8 $146 {A54: Altindisch} ({Vorgänger:} 10... Re8 11. Rac1 Bf8 12. h3 b6 13. e4 Bb7 14. a4 g6 15. Rfe1 Bg7 16. Rcd1 Rad8 17. Qb1 Nf8 18. Qa1 {½-½ (47) Van Wely,L (2685)-Ambrus,E (2312) Canberra 2014}) 11. Rac1 b5 12. dxe5 dxe5 {Weiß steht etwas besser.} 13. cxb5 axb5 14. Rfd1 h6 15. Nd5 Nxd5 {[#]} 16. Rxd5 $1 {[%cal Rf3e5][%mdl 512]} Qa7 ({Günstiger ist} 16... Bf6) (16... cxd5 17. Qxc7) 17. Rxe5 (17. Rdd1 $16) 17... Nxe5 $14 18. Nxe5 Rb6 (18... Bd7 $16 {ist eine bessere Verteidigung.}) 19. Nxc6 $18 Qd7 (19... Qc7 {war nötig.} 20. Bd4 Ba3) 20. Rd1 Qc7 21. Qe4 Bg5 (21... Bf6 $16 {war angesagt.}) 22. h4 Bb7 {[%cal Rb7c6]} 23. hxg5 $40 {[%mdl 128] Weiss riecht Blut.} Qxc6 24. Qxc6 Bxc6 25. Rd6 Rc8 26. gxh6 Ra6 27. hxg7 ({Falsch wäre} 27. Bxg7 $2 Bxg2 28. Rd2 (28. Rxa6 $2 Bb7 $19) 28... Be4 $19) 27... Rxa2 {[#] Weiss muss nun ...Lxg2 beachten.} 28. Bd4 $1 ({Lieber nicht} 28. Bxc6 Rxb2 29. Bxb5 Rxb3 $11) ({Schwächer ist} 28. Rxc6 Rxc6 29. Bxc6 Rxb2 $11) 28... Bxg2 29. Kxg2 {[%mdl 4096] Endspiel KTT-KTL} Rd2 30. Rh6 {[%csl Gd4,Gg7][%cal Rh6h8]} Rxd4 31. Rh8+ Kxg7 32. Rxc8 Kf6 (32... Rd2 $142 33. Rb8 Rxe2 34. Rxb5 Rd2) 33. Kf3 Ke6 34. Ke3 Rb4 35. Rc3 Kd5 $2 (35... Rg4 36. Kd3 Kd6) 36. f3 f6 {Precision: Weiß = 86%, Schwarz = 26%.} 1-0

[Event "Chigorin Mem. Russian Cup 2017"]
[Site "St. Petersburg"]
[Date "2017.10.26"]
[Round "6"]
[White "Burmakin, Vladimir"]
[Black "Artemiev, Vladislav"]
[Result "0-1"]
[WhiteElo "2515"]
[BlackElo "2696"]
[Annotator "TA"]
[PlyCount "118"]
[EventDate "2017.??.??"]
[EventType "swiss"]
[EventCountry "RUS"]
[SourceTitle "playchess.com"]
[Source "ChessBase"]
[SourceQuality "1"]

{[%evp 20,118,-16,-23,-12,-27,0,0,22,24,26,38,27,26,37,14,42,-8,-7,-27,-15,-16,-24,-8,-10,-24,-32,-31,-27,-35,-33,-77,-41,-56,-48,-50,-41,-48,-53,-64,-8,-17,0,0,13,0,0,0,58,0,11,16,11,15,51,46,434,429,388,362,352,0,0,-43,0,-7,0,-46,-46,-46,-46,-46,-46,-195,-195,-219,-188,-810,-798,-810,-810,-747,-812,-763,-761,-670,-606,-772,-590,-562,-541,-768,-725,-1195,-1196,-1258,-1226,-1154,-1116,-9651,-9179]} 1. Nf3 g6 2. g3 Bg7 3. Bg2 e5 4. O-O Nc6 5. c4 Nf6 6. Nc3 O-O 7. d4 exd4 8. Nxd4 Re8 9. Nxc6 {A29: Englische Eröffnung (Vierspringer-Variante)} dxc6 10. Qb3 Qe7 11. Bf4 {LiveBook: 5 Partien. Die Stellung ist ausgeglichen.} Ng4 12. Rad1 a5 $146 ({Vorgänger:} 12... Ne5 13. Ne4 h6 14. Be3 a5 15. f4 Nd7 16. Bd4 Bxd4+ 17. Rxd4 {1-0 (37) Pena Gomez,M (2468)-Edouard,R (2622) Escaldes 2017}) 13. Qc2 Bf5 14. e4 Be6 15. b3 Rad8 16. h3 Ne5 17. Ne2 g5 (17... Rxd1 {seems wilder.} 18. Rxd1 Rd8 19. Be3 Rxd1+ 20. Qxd1 Qd6) 18. Bxe5 Bxe5 19. f4 Rxd1 20. Rxd1 gxf4 21. gxf4 Bd6 22. Rd3 f6 23. Kh1 Kh8 24. Qd2 {[#]} a4 $1 {[%mdl 512]} 25. Rg3 (25. bxa4 Bxc4) 25... axb3 26. axb3 Bf7 27. Rd3 Bg6 28. Ng3 Qf8 29. Qe3 Ra8 (29... Qh6 $15 30. Ne2 b6) 30. Rd1 $11 Ra2 31. e5 Qe7 32. Qc3 fxe5 33. f5 Bb4 (33... Bf7 $1 $11) 34. Qf3 {[%mdl 1024] Weiss hat Kompensation.} Bf7 35. Ne4 {Weiss will Dg3 spielen.} Ra8 $1 36. f6 Qf8 37. Qg3 {zielt auf Td7 ab.} Re8 $2 {[%mdl 8192]} ({Besser ist} 37... Qh6 $14) 38. Rd7 $18 Bg6 39. Qg5 Rd8 40. Rxd8 $2 (40. Rxc7 $18 b5 41. Qxe5 (41. f7 Bxf7 42. Rb7 Rd1+ 43. Kh2 Qg7 $18)) 40... Qxd8 $11 41. Qxe5 {jetzt f7+ und aus.} Bf8 42. c5 Qd5 $36 {[%mdl 2048] Schwarz hat Initiative.} 43. Qxd5 (43. Qa1 {is interesting.} Kg8 44. f7+ Qxf7 45. Nf6+ Kh8 46. Ne8+) 43... cxd5 {[%mdl 4096] Endspiel KLL-KLS} 44. Ng5 c6 45. b4 Kg8 {Weiss muss nun ...Lf5 beachten.} 46. Kg1 {[#]} ({Günstiger ist} 46. Bf3 $15) 46... Bf5 $1 $19 47. h4 h6 48. Bh3 $2 (48. Nf3) 48... Bxh3 {Schwarz steht klar auf Gewinn.} 49. Nxh3 {KL-KS} Kf7 50. Kf2 Kxf6 51. Nf4 Kf5 52. Kf3 Bg7 53. Ng2 Bd4 54. Nf4 Bc3 55. Nd3 Bf6 56. h5 Bc3 57. Ke2 Kg4 58. Ke3 Kxh5 59. b5 Kg4 {Precision: Weiß = 39%, Schwarz = 50%.} 0-1

[Event "Chigorin Mem. Russian Cup 2017"]
[Site "St. Petersburg"]
[Date "2017.10.26"]
[Round "6"]
[White "Mikaelyan, Arman"]
[Black "Kobalia, Mikhail"]
[Result "1-0"]
[WhiteElo "2503"]
[BlackElo "2596"]
[Annotator "TA"]
[PlyCount "79"]
[EventDate "2017.??.??"]
[EventType "swiss"]
[EventCountry "RUS"]
[SourceTitle "playchess.com"]
[Source "ChessBase"]
[SourceQuality "1"]

{[%evp 14,79,50,29,58,60,60,41,58,32,34,32,35,28,22,29,41,42,94,68,80,86,84,81,78,75,83,104,99,103,128,124,166,166,164,154,164,137,163,142,172,168,166,162,183,107,110,98,112,107,200,111,105,113,99,105,183,172,206,193,295,284,588,565,977,975,2052,1854]} 1. d4 d5 2. Nf3 Nf6 3. c4 c6 4. Nc3 a6 5. c5 Bf5 6. Bf4 Nbd7 7. e3 h6 {D15: Slav Defence: 4 Nc3 a6 and gambit lines after 4 Nc3 dxc4} (7... Nh5 8. Bd3 Bxd3 9. Qxd3 Nxf4 10. exf4 g6 11. O-O-O Bg7 12. Kb1 b6 13. cxb6 Qxb6 14. Ne5 Nxe5 15. fxe5 {½-½ (40) Moiseenko,A (2707)-Movsesian,S (2672) Dubai 2014}) 8. Be2 {LiveBook: 8 Games} Ne4 $146 ({Predecessor:} 8... g5 9. Bg3 Bg7 10. Ne5 Ne4 11. Nxe4 Nxe5 12. Bxe5 Bxe5 13. Ng3 Bxg3 14. hxg3 Kf8 15. g4 {½-½ (35) Rios,C (2384)-Zuluaga Mancilla,C (2372) Puerto Boyaca 2012}) 9. O-O e6 {White is slightly better.} 10. Nxe4 Bxe4 11. Nd2 Bh7 12. b4 Be7 13. Nb3 O-O 14. a4 Re8 15. b5 e5 (15... Qc8 $14) 16. bxc6 bxc6 17. Bxe5 Nxe5 18. dxe5 Bf8 19. f4 Qc7 20. Bd3 Bxd3 21. Qxd3 Rab8 22. Rfc1 Rb4 23. Nd4 Qb7 24. a5 Rb8 25. Rc2 Qc8 26. h3 Qb7 27. Kh2 Qc8 28. Ra3 Rb1 29. Rb3 (29. e4 $18) 29... R1xb3 $16 30. Nxb3 Rb5 31. Rc3 Qb7 (31... h5 $16) 32. Qc2 (32. Nd4 $18) 32... Qd7 33. Qa2 Qc7 34. Qa4 Qd8 {[#]} (34... g6 $16) 35. Qa3 $1 $18 Qc7 36. Nd4 Rxa5 (36... Rb8 $142 37. Rc2 Qb7) 37. Qb4 Ra2 $2 (37... Rb5 {is a better chance.} 38. Nxb5 Qb7) 38. Qb6 {White is clearly winning.} Qxb6 39. cxb6 Rb2 40. Rb3 {Precision: White = 73%, Black = 48%.} 1-0

[Event "Chigorin Mem. Russian Cup 2017"]
[Site "St. Petersburg"]
[Date "2017.10.26"]
[Round "6"]
[White "Abdusattorov, Nodirbek"]
[Black "Levin, Evgeny A"]
[Result "1-0"]
[WhiteElo "2498"]
[BlackElo "2545"]
[Annotator "TA"]
[PlyCount "119"]
[EventDate "2017.??.??"]
[EventType "swiss"]
[EventCountry "RUS"]
[SourceTitle "playchess.com"]
[Source "ChessBase"]
[SourceQuality "1"]

{[%evp 17,119,14,23,-4,43,19,17,11,6,17,20,14,33,22,41,27,37,14,15,5,30,18,35,10,48,18,87,56,62,66,79,74,105,79,88,79,83,83,81,50,92,0,73,88,87,83,97,91,89,0,89,89,83,81,116,82,89,89,116,90,98,0,110,112,104,108,112,28,102,107,125,122,143,131,137,134,301,295,300,282,358,329,363,372,368,355,356,371,356,353,384,386,433,420,449,474,890,826,1261,1015,12842,12843,12843,12843]} 1. e4 c5 2. Nf3 d6 3. Bb5+ Bd7 4. c4 e6 (4... g6 5. d4 cxd4 6. Nxd4 Bg7 7. Nc3 Nf6 8. O-O O-O 9. Bxd7 Nbxd7 10. b3 e6 11. Re1 d5 12. exd5 exd5 13. Ba3 Re8 14. Rxe8+ Qxe8 15. cxd5 Qe5 {½-½ (15) Malakhov,V (2691)-Hracek,Z (2610) Mali Losinj 2017}) 5. Nc3 Nf6 6. d4 {B52: Sicilian: Moscow Variation with 3...Bd7} cxd4 7. Nxd4 Be7 8. O-O O-O 9. Be3 Nc6 {LiveBook: 6 Games} 10. Bxc6 Bxc6 (10... bxc6 {looks sharper.} 11. Rc1 c5 12. Nde2 Ng4 13. Bf4 Bc6) 11. Nxc6 (11. f3 {seems wilder.} Bd7 12. b3 a6 13. a4 d5 14. e5) 11... bxc6 12. Qe2 Qa5 $146 ({Predecessor:} 12... e5) 13. Rfd1 Rfd8 14. Rac1 Rd7 15. b3 Rad8 16. h3 Qa6 17. Kf1 Qb7 18. Rd3 Kf8 19. Rcd1 Kg8 20. Bd4 Ne8 21. Na4 c5 (21... d5 $11) 22. Be3 Qc6 23. Qf3 Nf6 24. Nc3 a6 25. Bg5 Qc8 26. R1d2 h6 27. Bf4 Qc6 28. Ke2 Kf8 29. Kf1 (29. g4 $16) 29... Ke8 (29... Kg8 $1 $11) 30. Rd1 $16 Kf8 31. Bg3 Ke8 32. Bh4 Qb7 33. Bg3 Qc6 $1 34. Qe2 Kf8 35. f4 {[%cal Bf2f4,Bf4f5][%mdl 32]} Kg8 36. f5 Re8 37. Qf3 Red8 38. Ke2 Qc8 39. Kf1 Qc6 $1 40. Kg1 Qc8 41. Bh4 Qc7 42. Ne2 (42. Kh1 $16) 42... exf5 (42... d5 $1 $11 43. exd5 (43. cxd5 exd5 44. exd5 Rxd5 $11) 43... exd5) 43. Qxf5 Qc6 44. e5 $36 {[%mdl 2048] White has strong initiative.} Qe4 45. Qxe4 Nxe4 46. Be1 Rb7 $2 {[#]} (46... f6 $16 {keeps fighting.}) 47. Ng3 $18 Nxg3 48. Bxg3 Kf8 49. exd6 Bf6 50. Bf2 Ke8 51. Bxc5 Kd7 52. Bd4 Bxd4+ 53. Rxd4 {[%mdl 4096] Endgame KRR-KRR} Re8 54. Kf2 a5 55. Re1 Rxe1 56. Kxe1 {White is clearly winning.} a4 (56... Kc6 $142 57. Rd5 Rb8) 57. c5 axb3 58. axb3 Rxb3 {[#]} 59. c6+ $1 {[%mdl 512]} Kxc6 60. d7 {Precision: White = 53%, Black = 34%.} 1-0

[Event "Chigorin Mem. Russian Cup 2017"]
[Site "St. Petersburg"]
[Date "2017.10.26"]
[Round "6"]
[White "Bellaiche, Anthony"]
[Black "Vorobiov, Evgeny E"]
[Result "1/2-1/2"]
[WhiteElo "2493"]
[BlackElo "2555"]
[Annotator "TA"]
[PlyCount "123"]
[EventDate "2017.??.??"]
[EventType "swiss"]
[EventCountry "RUS"]
[SourceTitle "playchess.com"]
[Source "ChessBase"]
[SourceQuality "1"]

{[%evp 19,123,0,27,16,3,18,18,20,51,26,19,10,22,0,0,18,0,0,0,-23,0,7,6,9,14,8,2,24,145,31,33,19,28,24,85,75,81,72,87,37,80,78,78,47,47,49,46,46,104,0,0,0,34,35,35,35,35,29,20,15,23,17,12,0,0,0,0,0,0,0,0,0,0,0,0,0,0,0,0,0,8,0,0,0,8,8,8,8,8,8,8,8,8,8,8,8,8,8,8,8,8,0,8,8,8,0]} 1. d4 Nf6 2. c4 e6 3. Nc3 Bb4 4. e3 O-O 5. Bd3 d5 6. Nf3 c5 7. O-O dxc4 8. Bxc4 Nc6 9. a3 Ba5 10. h3 a6 11. Bd3 {E56: Nimzo-Indian: Rubinstein: Main Line: 7...Nc6} cxd4 $146 ({Predecessor:} 11... Qe7 12. Qe2 cxd4 13. exd4 Rd8 14. Be3 Bc7 15. Rfe1 h6 16. Rad1 Qf8 17. Bc4 Ne7 18. Ba2 Bd6 {1-0 (31) Stefansson,H (2575)-Olafsson,H (2460) Reykjavik 2001}) 12. exd4 Bb6 13. Be3 Ne7 14. Qc2 h6 15. Qd2 Nf5 16. Bxf5 exf5 17. Rfe1 Nd5 18. Nxd5 Qxd5 19. Bf4 Bd7 20. Re5 Qb3 21. Bxh6 {Threatening mate with Qg5.} f6 22. Re7 Rf7 23. Rae1 {Strongly threatening Rxf7.} Qd5 {[#]} (23... Raf8 $11) 24. Qf4 (24. Rxf7 $1 $16 Kxf7 25. Bxg7) 24... Bd8 $1 $14 25. Rxf7 Qxf7 26. Qg3 Bc6 (26... Rc8 $11 {keeps the balance.}) 27. Nh4 $16 Kh7 28. Bf4 $36 {[%mdl 2048] White is in control.} ({Not} 28. Nxf5 Qg6 $17) 28... Qh5 29. Bd6 Rc8 30. Rc1 Bb6 31. d5 Bd7 32. Rxc8 Bxc8 33. Nf3 g5 {[#]} ({Better is} 33... f4 $14 34. Bxf4 Qxd5) 34. Ne1 (34. Bc5 $1 $16 {[%cal Rc5b6]} f4 35. Nxg5+ fxg5 36. Qd3+ Qg6 37. Qxg6+ Kxg6 38. Bxb6) 34... Qe2 $11 35. Bb4 f4 36. Qf3 Qxf3 $1 37. Nxf3 $14 {[%mdl 4096] Endgame KBB-KBN} Kg6 38. Bc3 Bf5 39. Bd4 Bc7 40. Nd2 Bd3 {The position is equal.} 41. Kh2 Kf5 42. g3 fxg3+ 43. fxg3 Be5 44. Bc3 Bxc3 45. bxc3 $11 {KB-KN} Ke5 46. c4 b5 47. cxb5 axb5 48. Kg2 Kxd5 49. Kf3 Ke5 50. h4 gxh4 51. gxh4 Kf5 52. Nb3 Kg6 53. Nc5 Bc2 (53... Bf5 {is more complex.} 54. Kf4 Bc2 55. Ne6 Bb3 56. Nd4 Bc4) 54. Kg4 Bd1+ 55. Kf4 Kh5 56. Kg3 Kg6 57. Ne6 Bb3 58. Nd4 Bc4 59. Kg4 Bd3 60. Kg3 Bc4 61. Kf4 Kh5 62. Ke4 {Precision: White = 62%, Black = 54%.} 1/2-1/2

[Event "Chigorin Mem. Russian Cup 2017"]
[Site "St. Petersburg"]
[Date "2017.10.26"]
[Round "6"]
[White "Oganian, Miran"]
[Black "Alekseev, Evgeny"]
[Result "1/2-1/2"]
[WhiteElo "2454"]
[BlackElo "2622"]
[Annotator "TA"]
[PlyCount "80"]
[EventDate "2017.??.??"]
[EventType "swiss"]
[EventCountry "RUS"]
[SourceTitle "playchess.com"]
[Source "ChessBase"]
[SourceQuality "1"]

{[%evp 23,80,8,6,10,14,0,31,24,31,47,43,0,78,45,45,40,35,41,36,35,43,36,45,38,62,30,35,9,15,16,56,52,72,72,72,68,72,74,95,106,124,93,120,114,130,128,139,119,116,49,95,68,97,68,95,96,104,73,102]} 1. d4 Nf6 2. c4 e6 3. g3 c5 4. d5 exd5 5. cxd5 d6 6. Nc3 g6 7. Nf3 Bg7 8. Bg2 O-O 9. O-O Nbd7 10. Bf4 Qe7 11. e4 {A62: Benoni (mit 7.g3)} (11. Re1 Ng4 12. Bg5 f6 13. Bd2 Nge5 14. Qc2 a6 15. a4 Rb8 16. Rab1 Nc4 17. Bc1 Nde5 18. Nxe5 Nxe5 {½-½ (52) Ganguly,S (2653)-Adhiban,B (2672) Chengdu 2017}) 11... Ng4 12. Bg5 f6 {LiveBook: 3 Partien} 13. Bc1 {[#] Die Stellung ist ausgeglichen.} Nde5 $146 ({Vorgänger:} 13... a6 14. a4 Nde5 15. Nh4 f5 16. exf5 gxf5 17. h3 Nf6 18. f4 Ng6 {½-½ (41) Li,Y (2298)-Sunilduth Lyna,N (2536) St Petersburg 2016}) 14. Nh4 Bd7 15. h3 Nh6 $1 16. f4 Nc4 17. b3 Na5 (17... f5 $11 18. e5 Nb6) 18. Bd2 b5 19. Ne2 Nb7 20. f5 g5 21. Nf3 Nf7 22. g4 Rfc8 23. Ng3 Be8 24. Bc3 Ne5 25. Rc1 Bf8 26. Rf2 $36 {[%mdl 2048] Weiss hat Druck.} Rab8 27. Bf1 Nd8 28. Nxe5 dxe5 29. Rfc2 Nb7 30. Be1 Qd8 31. Bf2 a6 32. Qd2 Bd6 33. Kg2 Rc7 34. Be2 Rbc8 35. Nf1 Bf8 36. Ne3 (36. Qd1 $16) 36... Nd6 37. Kf3 Nb7 38. Bd3 h5 39. Kg2 Rh7 40. Qe2 Rb8 {Precision: Weiß = 49%, Schwarz = 34%.} 1/2-1/2

[Event "Chigorin Mem. Russian Cup 2017"]
[Site "St. Petersburg"]
[Date "2017.10.26"]
[Round "6"]
[White "Khanin, Semen"]
[Black "Gordievsky, Dmitry"]
[Result "0-1"]
[WhiteElo "2450"]
[BlackElo "2605"]
[Annotator "TA"]
[PlyCount "112"]
[EventDate "2017.??.??"]
[EventType "swiss"]
[EventCountry "RUS"]
[SourceTitle "playchess.com"]
[Source "ChessBase"]
[SourceQuality "1"]

{[%evp 22,112,18,7,21,16,20,34,27,0,3,0,0,0,26,14,18,4,23,25,28,20,20,29,16,0,0,0,0,-3,23,30,38,0,0,0,0,-95,-117,-126,-67,-81,-56,-75,-75,-79,-64,-88,-42,-44,-51,-55,-59,-246,-267,-358,-355,-550,-542,-29949,-29952,-12801,-12803,-12798,-12796,-5197,-5173,-29972,-6087,-29982,-29983,-29983,-29984,-29984,-29985,-29985,-29986,-29986,-29987,-29989,-29990,-29990,-29991,-29991,-29992,-29992,-29993,-29993,-29993,-29993,-29994,-29994,-29995]} 1. e4 g6 2. d4 Bg7 3. Nc3 d6 4. f4 Nf6 5. Nf3 O-O 6. Bd3 Na6 7. O-O c5 8. d5 Bg4 9. h3 Bxf3 10. Qxf3 Nb4 {B09: Pirc Defence: Austrian Attack} 11. a3 (11. a4 Nd7 12. Qe2 Nxd3 13. Qxd3 Qb6 14. Kh1 Rac8 15. a5 Qa6 16. Qxa6 bxa6 17. Bd2 Rb8 18. b3 {0-1 (52) Sethuraman,S (2640)-Malakhov,V (2694) Berlin 2015}) 11... Nxd3 12. Qxd3 {LiveBook: 21 Games} Qa5 {The position is equal.} 13. Bd2 Qa6 $146 14. Qxa6 bxa6 15. Rad1 Nd7 16. Rfe1 c4 17. Na4 Rfb8 18. e5 dxe5 19. Bc3 {[%cal Rf4e5]} f6 20. fxe5 fxe5 21. Re4 Rc8 22. d6 e6 23. Ba5 Rc6 $1 24. Bc7 Rf8 25. g3 Rf5 26. Nc3 Kf7 27. Na2 Rc5 28. Nb4 a5 29. Bxa5 (29. Na2 $11 {remains equal.}) 29... c3 $1 $17 {[%cal Rc3b2]} ({Don't play} 29... Rxa5 30. Rxc4 Rc5 31. Rxc5 $11) 30. bxc3 Rxa5 ({Black should try} 30... Rf3 $17 31. Kg2 Rfxc3 32. Rf1+ Kg8) 31. Rc4 $1 $15 Rc5 ({Much worse is} 31... Rxa3 $6 32. Rc7 $11) 32. Rxc5 Nxc5 33. d7 Nb7 {aiming for ...Nd8.} 34. Nc6 $1 {Black must now prevent Rb1.} Bh6 35. g4 Be3+ 36. Kh1 Rf2 {And now ...Bb6 would win.} 37. d8=Q $2 (37. Rb1 $1 $15 Nd8 38. Nxd8+ Ke7 39. Nc6+ Kxd7 40. Nxe5+ Ke7 41. Re1) 37... Nxd8 $19 38. Rd7+ Kf6 39. Nxd8 {[%mdl 4096] Endgame KRB-KRN} (39. Rxd8 {was called for.} Bf4 40. Nb4) 39... Kg5 40. Rxh7 Kf4 $1 41. Rf7+ Kg3 {[%csl Gg3][%cal Rf2h2]} 42. Rxf2 Bxf2 43. Nxe6 {[#] KB-KN} e4 $1 {[%cal Be5e4,Be4e3,Be3e2][%mdl 32]} 44. c4 {[#]} Bb6 $1 {( -> ...e3)} 45. c5 e3 {Black mates.} 46. Nd4 Bxc5 47. Ne2+ Kf2 48. Nf4 Bxa3 49. h4 e2 50. Nd3+ Kg3 51. h5 gxh5 52. gxh5 Bf8 53. c4 a5 {[%cal Ba7a5,Ba5a4][%mdl 32]} 54. c5 {[#]} Bxc5 $1 {[%mdl 512]} 55. h6 (55. Nxc5 e1=Q#) 55... Bd4 56. h7 a4 {Precision: White = 47%, Black = 78%.} 0-1

[Event "Chigorin Mem. Russian Cup 2017"]
[Site "St. Petersburg"]
[Date "2017.10.26"]
[Round "6"]
[White "Palchun, Grigory"]
[Black "Sengupta, Deep"]
[Result "0-1"]
[WhiteElo "2441"]
[BlackElo "2587"]
[Annotator "TA"]
[PlyCount "112"]
[EventDate "2017.??.??"]
[EventType "swiss"]
[EventCountry "RUS"]
[SourceTitle "playchess.com"]
[Source "ChessBase"]
[SourceQuality "1"]

{[%evp 17,112,10,9,3,3,3,3,0,0,-1,7,0,0,-14,-7,-5,0,6,6,-1,24,10,18,0,12,0,-10,-13,-11,-12,-14,-11,-7,-7,0,0,0,0,0,0,0,0,0,0,0,0,0,0,0,0,0,0,0,-21,-13,-13,-16,-57,-33,-87,-71,-64,-27,-108,-108,-147,-88,-80,-67,-102,-8,-8,-8,-8,-8,-18,-19,-409,-377,-1074,-1074,-1000,-936,-1081,-1053,-1505,-1420,-1472,-175,-1100,-1053,-29969,-29970,-29972,-29975,-29973,-29967]} 1. d4 e6 2. Bf4 c5 3. e3 Nf6 4. c3 Be7 (4... b6 5. Nd2 Bb7 6. Ngf3 Be7 7. h3 O-O 8. Bd3 d6 9. O-O Nc6 10. Bh2 Re8 11. a3 Bf8 12. Qe2 g6 13. Rfd1 a6 14. e4 d5 15. e5 Nd7 16. Bf4 b5 17. Qe3 Rc8 {0-1 (48) Grachev,B (2645)-Fedoseev,V (2733) Sochi 2017}) 5. Nd2 O-O 6. Bd3 {A45: Trompowsky Attack} b6 7. h3 Ba6 8. Bxa6 Nxa6 9. Ngf3 d5 {LiveBook: 11 Games} 10. Ne5 $146 ({Predecessor:} 10. Qe2 Nb8 11. O-O Qc8 12. Rfe1 Qb7 13. e4 dxe4 14. Nxe4 Nxe4 15. Qxe4 Qxe4 16. Rxe4 {½-½ (40) Prie,E (2490)-Franco Alonso,A (2452) San Sebastian 2011}) 10... Nb8 11. O-O Qc8 12. Rc1 Qb7 13. Qf3 Nbd7 14. c4 Rac8 15. Nb3 cxd4 16. exd4 Ne4 17. cxd5 exd5 18. Qd3 Nd6 19. Rfe1 Rxc1 20. Rxc1 Rc8 21. Rc3 Nf8 22. Rxc8 Qxc8 23. Ng4 Nc4 24. Ne3 Nxe3 25. Bxe3 Bf6 26. Qb5 Qd7 27. Qxd7 Nxd7 $11 {[%mdl 4096] Endgame KBN-KBN} 28. Nc1 Nb8 29. Ne2 Nc6 30. Nc3 Bxd4 31. Bxd4 Nxd4 32. Nxd5 {KN-KN} f6 33. f3 Kf7 34. Kf2 Ke6 35. Nc3 Ke5 36. g3 g5 37. g4 Ne6 38. Kg3 (38. Nb5 $15) 38... Nc5 39. h4 a6 40. a3 {[#]} (40. b4 $11 Ne6 41. hxg5 fxg5 42. b5 axb5 43. Nxb5) 40... Kd4 $1 $17 41. f4 h6 (41... gxh4+ $142 42. Kh3 Nd3) 42. hxg5 hxg5 {Threatens to win with ...Ne4+.} 43. Kf3 $1 b5 (43... a5 $17 44. Nd1 Nd3 45. fxg5 fxg5) 44. b4 $11 Nd3 45. Ne2+ Kd5 46. Nc3+ Kc4 47. Ne4 $2 {[%mdl 8192]} (47. fxg5 $1 $11 {and White is okay.} fxg5 48. Ne4) 47... Nxf4 $19 48. Nxf6 $2 {[#]} (48. Nd2+ Kc3 49. Ne4+ Kb2 50. Nc5) 48... Kb3 $1 {[%cal Rb3a3]} 49. Ne4 Kxa3 50. Nxg5 Ng6 51. Ke4 Kxb4 52. Nf3 a5 $2 (52... Kc3 53. Nd4 b4 54. Ne2+ Kc4) 53. Kd4 $2 (53. Kd3) 53... a4 {[%cal Ba5a4,Ba4a3][%mdl 32]} 54. Ne1 Nf4 {Black mates.} 55. Ke4 Kc3 56. Kxf4 a3 {Precision: White = 30%, Black = 59%.} 0-1